• 首页
  • 本馆介绍
  • 公告通知
  • 最新文献
  • 馆藏检索
  • 电子资源
  • 读者导购
  • 参考咨询
  • 我的图书馆
  • 登录
  • 详细信息显示
  • 放入我的书架
  • 预约/预借图书
  • 作者相关作品
  • 分类相关作品
  • 丛书相关作品
  • 出版社相关作品

书目信息

  • 表格格式
  • 工作单格式
  • 卡片格式
题名:
西方的中国及中国人观念
    
 
作者: 马森 著 ;杨德山 译
分册:  
出版信息: 北京   中华书局  2006
页数: 325页
开本: 21cm
丛书名: 西方的中国形象
单 册:
中图分类: K252.07
科图分类:
主题词: 近代史
电子资源:
ISBN: 7-101-05023-9
000 01203oam2 2200289 450
001 1235541445
005 20121013095253.65
010    @a7-101-05023-9@dCNY23.00
100    @a20060124d2006 em y0chiy50 ea
101 1  @achi@ceng
102    @aCN@b110000
105    @aa z 000yy
200 1  @a西方的中国及中国人观念@Axi fang de zhong guo ji zhong guo ren guan nian@e1840-1876@dWestern concepts of China and the Chinese@f(美)M. G.马森(Mary Gertrude Mason)著@g杨德山译@zeng
210    @a北京@c中华书局@d2006
215    @a325页@c图@d21cm
225 2  @a西方的中国形象
330    @a本书是一本综论1840至1876年间西方人“中国观”之纵向演变与横向差异的著作。作者选取从群体到个体、从专家到一般人的大量人群作为认识主体进行分析;认识客体涵盖了性格、社会、文学、语言、哲学、宗教、科学、艺术、习惯、风俗等诸多内容。
461  0 @12001 @a西方的中国形象
510 1  @aWestern concepts of China and the Chinese@e1840-1876@zeng
606 0  @a近代史
607    @a中国@x近代史@x研究@z1840~1876
607    @a中国
690    @aK252.07@v4
701  0 @c(美)@a马森@Ama sen@c(Mason, Mary Gertrude)@4著
702  0 @a杨德山@Ayang de shan@c(历史)@4译
801  0 @aCN@bNLC@c20101222
905    @a10447@dK252.07@eJY63
    
    西方的中国及中国人观念:1840-1876=Western concepts of China and the Chinese/(美)M. G.马森(Mary Gertrude Mason)著/杨德山译.-北京:中华书局,2006
    325页:图;21cm.-(西方的中国形象)
    
    
    ISBN 7-101-05023-9:CNY23.00
    本书是一本综论1840至1876年间西方人“中国观”之纵向演变与横向差异的著作。作者选取从群体到个体、从专家到一般人的大量人群作为认识主体进行分析;认识客体涵盖了性格、社会、文学、语言、哲学、宗教、科学、艺术、习惯、风俗等诸多内容。
●
相关链接 在E读中查询图书 在五车中查询图书 在当当中查询图书 在豆瓣中查询图书


正题名:西方的中国及中国人观念     索取号:K252.07/JY63         预约/预借

序号 登录号 条形码 馆藏地/架位号 状态 备注
1 7822263   278222638   学院路分馆/ [索取号:K252.07/JY63] 在馆    
2 7822264   278222647   学院路分馆/ [索取号:K252.07/JY63] 在馆    
唐山师范学院图书馆 欢迎您!
大连网信软件有限公司© 版权所有